000
00332 a2200157 4500
001
71014
020
_a
8573194987
040
_c
Anchieta - Itaigara
100
_a
Ribeiro, Eid
240
1
0
_a
Anjos e abacates
_l
por
245
1
0
_a
Anjos e abacates
300
_a
56p.
362
0
_a
2005
650
4
_a
Literatura juvenil
942
_c
BK
999
_c
71014
_d
71014